000 01783nam a2200529 i 4500
001 34036
003 KOSZ 005
005 20221007140426.0
008 990922s1998 pl a |000 0 pol
015 _aUWD 1999/14193
020 _a8320422663
035 _a991011439219705066
035 _a(PL-WaBN)b13112661-48omnis_nlop
035 _ab13112661
035 _a(OCoLC)749545648
035 _azz2004966554
035 _a(PL)b0000001311266
035 _a(EXLNZ-48OMNIS_NETWORK)9910330288105606
040 _aWA N
_cWA N
_dKOSZ 005/HR
041 0 _apol
080 _a543.5
080 _a544
080 _a(075.8)
100 1 _aDutkiewicz, Edward
_d(1927- )
_eAutor
245 1 0 _aFizykochemia powierzchni /
_cEdward T. Dutkiewicz.
260 _aWarszawa :
_bWydawnictwa Naukowo-Techniczne,
_ccop. 1998.
300 _a242 s. :
_bfot., rys., wykr. ;
_c20 cm.
336 _aTekst
_btxt
_2rdacontent
337 _aBez urządzenia pośredniczącego
_bn
_2rdamedia
338 _aWolumin
_bnc
_2rdacarrier
380 _aKsiążki
388 _a1901-2000
388 _a1989-2000
490 1 _aWykłady z Chemii Fizycznej
504 _aBibliogr. s. 237.
521 _aPodręcznik przeznaczony jest dla studentów, doktorantów, i wykładowców wydziałów chemii, a także innych nauk przyrodniczych.
650 2 _aChemia fizyczna
650 2 _aPowierzchnia
650 2 _aTermodynamika
655 7 _aPodręczniki akademickie
_2DBN
658 _aChemia
710 2 _aWydawnictwa Naukowo-Techniczne
_4pbl
830 0 _aWykłady z Chemii Fizycznej
856 _uhttp://koha.tu.koszalin.pl/cgi-bin/koha/opac-detail.pl?biblionumber=34036
_yKatalog online BPK
942 _2UKD
_cKS
999 _c34036
_d34036